Films de Fritz Lang par images - Statistiques

Statistiques générales
  • Ce quiz a été pris 100 fois
  • Le résultat moyen est 4 sur 12
Statistiques - réponses
Par images Réponse % Correct
M le maudit
94%
Metropolis
89%
Le Tigre du Bengale
26%
La Femme au portrait
25%
Le Docteur Mabuse
25%
Furie
18%
La Rue rouge
18%
Le Secret derrière la porte
16%
Les Contrebandiers de Moonfleet
14%
L'Invraisemblable Vérité
11%
J'ai le droit de vivre
8%
Règlement de comptes
7%
Aucun quiz correspondant
Distribution des résultats
% des personnes avec chaque résultat
Percentile par nombre de réponses
Votre historique - résultats
Vous n’avez pas pris ce quiz